Biologie holzzerstórender Pilze.

Saved in:
Bibliographic Details
Main Author: Rypáček, Vladimír.
Format: Book
Language:German
Published: Jena, G. Fischer, 1966.
Subjects:
Tags: Add Tag
No Tags, Be the first to tag this record!
LEADER 00832nam a2200217I 4500
001 005683038-6
005 20020606163548.3
008 800603s1966 gw af b f000 0 ger d
035 0 |a ocm06382532 
040 |a COO  |c COO  |d BOH 
090 |a QK601  |b .R99 1966a 
100 1 |a Rypáček, Vladimír. 
245 1 0 |a Biologie holzzerstórender Pilze.  |c Nach der tschechischen Erstauflage für die deutsche Ausg. völlig neu bearb. und erg. Redaktion der deutschen Ausg., Ernst Jahn. 
260 |a Jena,  |b G. Fischer,  |c 1966. 
300 |a 211 p.  |b illus., diagrs., plates, tables.  |c 25 cm. 
500 |a "Titel der tschechischen Originalausgabe: Biologie dr̆evokazných hub." 
504 |a Bibliography: p.187-202. 
650 0 |a Wood-decaying fungi. 
700 1 |a Rypáček, Vladimír.  |t Biologie dr̆evokaznýkh hub. 
988 |a 20020608 
906 |0 OCLC